Estudio especializados de derechos humanos I (Registro nro. 5328)
[ vista simple ]
| 000 -Cabecera | |
|---|---|
| Campo de control de longitud fija | 00672aam a2200241 4500 |
| 005 - Fecha y hora de la última transacción | |
| Campo de control | 20231013124300.0 |
| 008 - Elementos de longitud fija--Información general | |
| Campo de control de longitud fija | 150511b1996 xxu||||| |||| 00| 0 spa d |
| 020 ## - International Standard Book Number | |
| Número Internacional Estándar del Libro (ISBN) | 977932839 |
| 041 ## - Idioma | |
| Código de idioma | Español |
| 082 ## - Clasificación Decimal Dewey | |
| Número de clasificación | 323 I59i |
| 100 ## - Entrada principal--Autor personal | |
| Nombre personal | Instituto Interamericano de Derechos Humanos |
| 9 (RLIN) | 12326 |
| 245 ## - Título propiamente dicho | |
| Título | Estudio especializados de derechos humanos I |
| 260 ## - Pie de imprenta | |
| Lugar de publicación, distribución, etc. | Costa Rica |
| 260 ## - Pie de imprenta | |
| Nombre del editor, distribuidor, etc. | Instituto Interamericano de Derechos humanos |
| 260 ## - Pie de imprenta | |
| Fecha de publicación, distribución, etc. | 1996 |
| 300 ## - Descripción física | |
| Extensión | 266 páginas |
| 650 ## - Materia general | |
| Temática (materia general) | DERECHOS HUMANOS |
| 650 ## - Materia general | |
| Temática (materia general) | REFUGIADOS |
| 650 ## - Materia general | |
| Temática (materia general) | PROTECCIÓN |
| 650 ## - Materia general | |
| Temática (materia general) | DERECHO INTERNACIONAL |
| 650 ## - Materia general | |
| Temática (materia general) | DERECHO CONSTITUCIONAL |
| 942 ## - Punto de acceso adicional KOHA | |
| Tipo de ítem KOHA | Libro |
| Fuente del sistema de clasificación o colocación | Dewey Decimal Classification |
| Signatura completa | Código de barras | Tipo de ítem |
|---|---|---|
| 323 I59i | 3170 | Libro |